00432nam a2200169Ia 4500001001000000003000500010008004100015010001100056040000900067082002200076100003400098245006300132250000600195260003400201300001100235650001600246Para_6081CHAP220125s1962 xx 000 0 und d a204861 cCHAP aPA 589.2 A54 1962 aAlexopoulos, Constantine John aIntroductory mycology /c by Constantine John Alexopoulos a2 aNueva Delhi :b Wiley Eastern a613 p. aMicología